CIP publishers manual

Salvato in:
Dettagli Bibliografici
Enti autori: Library of Congress, Cataloging in Publication Division
Natura: Libro
Lingua:Undetermined
Pubblicazione: Washington, D.C. Library of Congress, Cataloging in Publication Division 2001
Soggetti:
Tags: Aggiungi Tag
Nessun Tag, puoi essere il primo ad aggiungerne! !
Thư viện lưu trữ: Trung tâm Học liệu Trường Đại học Cần Thơ
LEADER 00768nam a2200217Ia 4500
001 CTU_156736
008 210402s9999 xx 000 0 und d
082 |a 025.3 
082 |b L697 
110 |a Library of Congress 
110 |b Cataloging in Publication Division 
245 0 |a CIP publishers manual 
245 0 |c Library of Congress. Cataloging in Publication Division 
260 |a Washington, D.C. 
260 |b Library of Congress, Cataloging in Publication Division 
260 |c 2001 
650 |a Cataloging in publication,Biên mục trước xuất bản 
650 |x Handbooks, manuals, etc,Số tay, cẩm nang... 
650 |z United States,Hoa Kỳ 
904 |i Huỳnh Mai 
980 |a Trung tâm Học liệu Trường Đại học Cần Thơ